000
00297nam a2200121Ia 4500
008
190216s9999||||xx |||||||||||||| ||und||
100
_a
Olappamanna
245
0
_a
Olichupokunnu Njan
260
_b
Sahithya Pravarthaka Sahakarana Sangam
_c
1965
300
_a
55p
650
_a
Kavithkal
942
_c
BK
999
_c
24529
_d
24529